Impact of department policy on finances of Indian railways (Record no. 501331)

000 -LEADER
fixed length control field 00447cam a22001457a 4500
008 - FIXED-LENGTH DATA ELEMENTS--GENERAL INFORMATION
fixed length control field 180718b1984 xxu||||| |||| 00| 0 eng d
082 ## - DEWEY DECIMAL CLASSIFICATION NUMBER
Classification number APPPA 83-84 GOY
100 ## - MAIN ENTRY--PERSONAL NAME
Personal name Goyal, S.S.
245 ## - TITLE STATEMENT
Title Impact of department policy on finances of Indian railways
Statement of responsibility, etc. by S.S. Goyal
260 ## - PUBLICATION, DISTRIBUTION, ETC.
Place of publication, distribution, etc. New Delhi
Name of publisher, distributor, etc. Indian Institute of Public Administration
Date of publication, distribution, etc. 1984
300 ## - PHYSICAL DESCRIPTION
Extent 120p.
650 ## - SUBJECT ADDED ENTRY--TOPICAL TERM
Topical term or geographic name entry element Indian railways
650 ## - SUBJECT ADDED ENTRY--TOPICAL TERM
Topical term or geographic name entry element Finances
650 ## - SUBJECT ADDED ENTRY--TOPICAL TERM
Topical term or geographic name entry element Department policy
Holdings
Withdrawn status Lost status Damaged status Not for loan Permanent Location Current Location Date acquired Full call number Barcode Date last seen Price effective from Koha item type
        Indian Institute of Public Administration Indian Institute of Public Administration 2018-08-04 APPPA 83-84 GOY GR11379 2018-08-04 2018-08-04 GR

Powered by Koha